| 000 | 00413cam a2200169ua 4500 | ||
|---|---|---|---|
| 020 |
_a81 86114 67 x _c80.00 |
||
| 041 |
_aeng _h |
||
| 082 |
_a028.7633 _b |
||
| 100 | _aNeelamsoni, . | ||
| 245 | _aAll India directory of career options for engineering graduates | ||
| 260 |
_a : _bNeelam soni , _c1999. |
||
| 300 | _a204 ; . | ||
| 365 | _a80.00 | ||
| 504 | _a | ||
| 942 | _cBK | ||
| 999 |
_c6324 _d6324 |
||